Δημογραφική ανάλυση : αρχές - μέθοδοι - υποδείγματα
Αποθηκεύτηκε σε:
| Κύριος συγγραφέας: | |
|---|---|
| Άλλοι συγγραφείς: | |
| Μορφή: | Βιβλίο |
| Γλώσσα: | Greek |
| Δημοσίευση: |
Αθήνα :
Σταμούλης,
2004.
|
| Θέματα: | |
| Ετικέτες: |
Προσθήκη ετικέτας
Δεν υπάρχουν, Καταχωρήστε ετικέτα πρώτοι!
|
MARC
| LEADER | 00000cam a2200000 i 4500 | ||
|---|---|---|---|
| 001 | 1/76096 | ||
| 008 | 080227s2004 gr |||||||||| ||gre|| | ||
| 020 | |a 9603515167 |q (χαρτόδετο) | ||
| 020 | |a 9789603515167 | ||
| 035 | |l 10095090 | ||
| 040 | |a GR-MY-UA |b gre |e aacr | ||
| 041 | 0 | |a gre | |
| 082 | 0 | |a 304.6 |2 (22) | |
| 100 | 1 | |a Παπαδάκης, Μιχαήλ Ε. | |
| 245 | 1 | 0 | |a Δημογραφική ανάλυση : |b αρχές - μέθοδοι - υποδείγματα / |c Μιχαήλ Παπαδάκης, Κλέων Τσίμπος. |
| 260 | |a Αθήνα : |b Σταμούλης, |c 2004. | ||
| 300 | |a 567 σ. : |b πιν. σχέδια ; |c 25 εκ. | ||
| 504 | |a Βιβλιογραφία: σ. 528-547. | ||
| 650 | 0 | 0 | |a Demography. |
| 700 | 1 | |a Τσίμπος, Κλέων Χ. | |
| 852 | |a INST |b CHIOS |e 20080227 |h 304.6 ΠΑΠ |p 005200027668 |q 005200027668 |t BK |y 0 | ||
| 852 | |a INST |b LEMNOS |e 20190620 |h 304.6 ΠΑΠ |p 005600002245 |q 005600002245 |t BK |y 0 | ||
| 852 | |a INST |b LESVOS |e 20081120 |h 304.6 ΠΑΠ |p 005100044239 |q 005100044239 |t BK |y 0 | ||
| 852 | |a INST |b LESVOS |e 20100513 |h 304.6 ΠΑΠ |p 005100047206 |q 005100047206 |t BK |y 12 | ||
| 852 | |a INST |b LESVOS |e 20100513 |h 304.6 ΠΑΠ |p 005100047207 |q 005100047207 |t BK |y 0 | ||
| 852 | |a INST |b LESVOS |e 20100513 |h 304.6 ΠΑΠ |p 005100047208 |q 005100047208 |t BK |y 0 | ||
| 852 | |a INST |b LESVOS |e 20100610 |h 304.6 ΠΑΠ |p 005100047810 |q 005100047810 |t BK |y 0 | ||
| 852 | |a INST |b LESVOS |e 20110707 |h 304.6 ΠΑΠ |p 005100050225 |q 005100050225 |t BK |y 0 | ||
| 852 | |a INST |b LESVOS |e 20110707 |h 304.6 ΠΑΠ |p 005100050226 |q 005100050226 |t BK |y 0 | ||
| 852 | |a INST |b LESVOS |e 20110707 |h 304.6 ΠΑΠ |p 005100050228 |q 005100050228 |t BK |y 0 | ||
| 852 | |a INST |b LESVOS |e 20140402 |h 304.6 ΠΑΠ |p 005100053854 |q 005100053854 |t BK |y 0 | ||
| 852 | |a INST |b LESVOS |c EUDOXUS |e 20220509 |h 304.6 ΠΑΠ |p 005100063569 |q 005100063569 |t EDX |y 0 | ||
| 852 | |a INST |b SAMOS |c EUDOXUS |e 20131015 |h 304.6 ΠΑΠ |p 005300040652 |q 005300040652 |t EDX |y 0 | ||
| 901 | |a BIBL3-2013-3 | ||
| 901 | |a BIBL2-2008-1 | ||
| 901 | |a BIBL1-2008-3 | ||
| 901 | |a BIBL1-2008-3 | ||
| 909 | |a Σ |b 178852 | ||
| 909 | |a Χ |b 146047 | ||
| 909 | |a Λ |b 186728 | ||
| 909 | |a Λ |b 141088 | ||
| 909 | |a Λ |b 164089 | ||
| 909 | |a Λ |b 164090 | ||
| 909 | |a Λ |b 164091 | ||
| 909 | |a Λ |b 164739 | ||
| 909 | |a Λ |b 168308 | ||
| 909 | |a Λ |b 168309 | ||
| 909 | |a Λ |b 168310 | ||
| 920 | |a ΕΥΔΟΞΟΣ |b ΠΑΡΑΓΓΕΛΙΑ-ΤΣΧΑΜ |y Σάμος |z 2013-05 | ||
| 920 | |a ΦΟΙΤΗΤΙΚΗ ΜΕΡΙΜΝΑ |y Λέσβος |z 2010-05 | ||
| 920 | |a ΦΟΙΤΗΤΙΚΗ ΜΕΡΙΜΝΑ |y Λέσβος |z 2010-04 | ||
| 920 | |a ΦΟΙΤΗΤΙΚΗ ΜΕΡΙΜΝΑ |y Λέσβος |z 2011-04 | ||
| 920 | |a Εύδοξος |b Παραγγελία |y Λέσβος-ΤΓ |z 2022-05 | ||
| 922 | |a 2ΕΛΗ |b 200802 |c ΕΠΕΑΕΚ2/ΤΜΟΔ |d Σ. ΠΑΤΑΚΗΣ | ||
| 970 | |a ΑΤΣΑΛΗ |b ΔΕΣΠΟΙΝΑ |z 2008/02/27 | ||